| 000 | 01098 a2200325 4500 | ||
|---|---|---|---|
| 001 | 76539 | ||
| 999 |
_c76539 _d24458 |
||
| 003 | TR-AnTOB | ||
| 005 | 20200513111752.0 | ||
| 008 | 090913r20061989gw a b 00100 eng | ||
| 020 | _a9783540295921 (acid-free paper) | ||
| 020 | _a3540295925 (acid-free paper) | ||
| 041 | _aeng | ||
| 050 |
_aQA243 _b.M6813 2006 |
||
| 090 | _aQA243 .M6813 2006 | ||
| 100 |
_aMiyake, Toshitsune, _d1944- _959981 |
||
| 240 |
_aHokei keishiki to seisåuron. _lEnglish _959984 |
||
| 245 | 0 |
_aModular forms / _cToshitsune Miyake. |
|
| 264 | 1 |
_aBerlin ; _aNew York ;: _bSpringer, _cc2006. |
|
| 300 |
_aviii, 335 p. : _bill. ; _c24 cm. |
||
| 490 | 0 | _aSpringer monographs in mathematics | |
| 500 | _aFirst English ed. published in 1989. | ||
| 650 |
_aForms, Modular _959982 |
||
| 650 |
_aŞekiller, Modüler _959983 |
||
| 856 | 4 |
_uhttp://www.loc.gov/catdir/toc/fy0612/2005936235.html _3Table of contents |
|
| 857 | 4 |
_uhttp://www.loc.gov/catdir/enhancements/fy0663/2005936235-d.html _3Publisher description |
|
| 902 | _a0031528 | ||
| 903 | _aMerkez Kütüphane. | ||
| 945 | _aöö,C.Ş | ||
| 942 | _cBK | ||